Programming big data applications : (Record no. 51713)

MARC details
000 -LEADER
fixed length control field 00780nam a2200265Ia 4500
005 - DATE AND TIME OF LATEST TRANSACTION
control field 20260429111957.0
008 - FIXED-LENGTH DATA ELEMENTS--GENERAL INFORMATION
fixed length control field 260429s9999||||xx |||||||||||||| ||und||
020 ## - INTERNATIONAL STANDARD BOOK NUMBER
International Standard Book Number 9781800615045
041 ## - LANGUAGE CODE
Language English
082 ## - DEWEY DECIMAL CLASSIFICATION NUMBER
Classification number 005.711
Item number TAL
100 ## - MAIN ENTRY--PERSONAL NAME
Personal name Talia, Domenico
245 #0 - TITLE STATEMENT
Title Programming big data applications :
Remainder of title scalable tools and frameworks for your needs /
Statement of responsibility, etc Domenico Talia
260 ## - PUBLICATION, DISTRIBUTION, ETC. (IMPRINT)
Place of publication, distribution, etc Singapore :
Name of publisher, distributor, etc World Scientific Publishing,
Date of publication, distribution, etc 2024.
300 ## - PHYSICAL DESCRIPTION
Extent xix, 275 p.; hb
650 ## - SUBJECT ADDED ENTRY--TOPICAL TERM
Topical term or geographic name as entry element Big data
650 ## - SUBJECT ADDED ENTRY--TOPICAL TERM
Topical term or geographic name as entry element Computer data
650 ## - SUBJECT ADDED ENTRY--TOPICAL TERM
Topical term or geographic name as entry element Data programming
650 ## - SUBJECT ADDED ENTRY--TOPICAL TERM
Topical term or geographic name as entry element Computer science
700 ## - ADDED ENTRY--PERSONAL NAME
Personal name Belcastro, Loris
700 ## - ADDED ENTRY--PERSONAL NAME
Personal name Cantini, Riccardo
700 ## - ADDED ENTRY--PERSONAL NAME
Personal name Marozzo, Fabrizio
700 ## - ADDED ENTRY--PERSONAL NAME
Personal name Orsino, Alessio
700 ## - ADDED ENTRY--PERSONAL NAME
Personal name Trunfio, Paolo
942 ## - ADDED ENTRY ELEMENTS (KOHA)
Koha item type Text Books
Holdings
Withdrawn status Lost status Damaged status Not for loan Collection code Home library Location Shelving location Date of Cataloging Source of acquisition Total Checkouts Full call number Barcode Date last seen Price effective from Koha item type
        Non-fiction CUTN Central Library CUTN Central Library Generalia 29/04/2026 Feel Books, Chennai - Invoice No. BRL/CRB/25-26/568 on 13-02-2026   005.711 TAL 56742 29/04/2026 29/04/2026 Text Books